000 00897 a2200277 4500
003 Nust
005 20170207154049.0
020 _a0-470-53153-2
020 _a978-0-470-53153-2
035 _a(AU-PeEL)EBL448915
035 _a(OCoLC)519031716
040 _cNust
082 0 0 _a658.4012
100 1 _a Steven S, Little.
245 1 0 _aDuck and Recover (E-BOOK)
_h[Elektronisk resurs] :
_bThe Embattled Business Owner's Guide to Survival and Growth.
_cSteven S, Little.
260 _aHoboken :
_bJohn Wiley & Sons, Inc.,
_c2009.
300 _a1 online resource (226 p.)
505 0 _aSECTION I: PRESSING IMMEDIACIES (Page-13) SECTION II: GROWTH OPPORTUNITIES (Page-111)
650 4 _aManagement.
650 4 _aMarketing.
650 4 _aOrganizational change.
650 4 _aOrganizational effectiveness.
650 4 _aSuccess in business.
651 _a(E-Book)
655 0 _aElectronic books.
942 _2ddc
_cBK
999 _c193018
_d193018